000 00547nam a2200193Ia 4500
008 101110s9999 xx 000 0 und d
041 _aENGLISH
082 _bSR13392
100 _aSherlekar S.A.
245 _aMarketing Management (Systems based managerial approach)
365 _b70
520 _aCommerce
546 _aENGLISH
630 _aMarketing Management (Systems based managerial approach)
650 _aCommerce
655 _aCommerce
730 _aMarketing Management (Systems based managerial approach)
942 _cBOOK
999 _c807618
_d807615